Statistics for Countries visited by Bald and Bankrupt

Click here to take the quiz!

General Stats

  • This quiz has been taken 76 times
    (75 since last reset)
  • The average score is 20 of 28

Answer Stats

Visitation statusContinentCountry% Correct
Born inEuropeUnited Kingdom
99%
VisitedEuropeRussia
96%
VisitedEuropeUkraine
88%
VisitedEuropeBelarus
87%
UnvisitedAsiaKazakhstan
86%
VisitedNorth AmericaMexico
86%
UnvisitedEuropeEstonia
83%
VisitedAsiaIndia
83%
UnvisitedEuropeLithuania
83%
UnvisitedAsiaUzbekistan
80%
VisitedEuropeMoldova
77%
UnvisitedEuropeLatvia
75%
VisitedSouth AmericaBolivia
74%
VisitedNorth AmericaCuba
74%
VisitedAsiaKyrgyzstan
74%
UnvisitedAsiaTajikistan
74%
VisitedAsiaArmenia
68%
Visited on other channelEuropeCzechia
68%
UnvisitedAsiaPakistan
68%
VisitedAsiaAzerbaijan
67%
VisitedAsiaGeorgia
67%
Visited on other channelEuropeSerbia
67%
UnvisitedAsiaTurkmenistan
65%
UnvisitedAsiaBangladesh
54%
VisitedAfricaMauritania
54%
VisitedAsiaMyanmar
52%
VisitedEuropeSlovakia
46%
Visited on other channelEuropeKosovo
41%

Score Distribution

Percentile by Number Answered

Percent of People with Each Score

Your Score History

You have not taken this quiz since the last reset